|
|
|
|
| LEADER |
00000cam a2200000 7i4500 |
| 001 |
0000001726 |
| 002 |
000001880 |
| 005 |
20000330.0 |
| 020 |
|
|
|a 9679768058
|
| 090 |
0 |
0 |
|a JF
|b MOR
|
| 100 |
1 |
|
|a Morrow, Jan
|
| 245 |
1 |
0 |
|a Fizzy whizzy magic
|c Jan Morrow
|
| 260 |
|
|
|a Petaling Jaya :
|b Longman ,
|c 1992
|
| 300 |
|
|
|a 10p. :
|b ill ;
|c 21cm.
|
| 490 |
0 |
|
|a Magic box series
|
| 650 |
0 |
0 |
|a Children's stories
|
| 999 |
|
|
|a 034336
|b BUKU
|c PINJAMAN
|e PERPUSTAKAAN KOMUNITI PETALING JAYA
|
| 999 |
|
|
|a 034337
|b BUKU
|c PINJAMAN
|e PERPUSTAKAAN KOMUNITI PETALING JAYA
|
| 999 |
|
|
|a 034338
|b BUKU
|c PINJAMAN
|e PERPUSTAKAAN KOMUNITI PETALING JAYA
|